00516 a2200193 4500260001000000711002300010711003200033440000800065260000900073245013000082300001200212260000900224130000800233130000800241440003300249710000900282711001300291020001800304 aRome. d8-12 Novembre 1982 cPalma de Majorque, Espagne. n277 bFAO. aRapport de la consultation technique sur les méthodes acoustiques de détection et d'estimation de l'abondance du poisson. aVI-94p. c1983 lEn. lFr. aFAO-Rapportsur les pêches. aFAO. aRapport. a92-5-001298-5